| 000 | 01326nam a22002537a 4500 | ||
|---|---|---|---|
| 005 | 20101224150352.0 | ||
| 008 | 101224t xxu||||| |||| 00| 0 mar d | ||
| 010 | _aMAR-20477 | ||
| 020 |
_a9788184981940 _c200.00 |
||
| 035 | _aMR-13135 | ||
| 037 | _bDBAD / PUB | ||
| 040 |
_aDPL _bMR |
||
| 082 | _a921 | ||
| 100 |
_aव्हेनेत्सिया,श्लोमो _925101 |
||
| 245 |
_aइन साइड द गैस चेंबर्स / _cश्लोमो व्हेत्सिया :जीन माउटापा द्वारा संपादित : सुनीति काणे द्वारा अनुवादित |
||
| 246 | _bby | ||
| 260 |
_aपुणे _bमेहता पब्लिशिंग हाऊस _c2011 |
||
| 270 |
_a1941,सदाशिव पेठ,माडीवाले कॉलनी, _bपुणे _e411030 |
||
| 300 |
_aआठ 182पृ _c21सेमी (अजिल्द) |
||
| 700 |
_925102 _aमाउटापा,जीन |
||
| 700 |
_aकाणे,सुनीति _925121 |
||
| 942 |
_2ddc _cMR _mव्हेनेत्सि _h921 |
||
| 999 |
_c49570 _d49570 |
||